• 首页
  • 本馆介绍
  • 公告通知
  • 最新文献
  • 馆藏检索
  • 电子资源
  • 读者导购
  • 参考咨询
  • 我的图书馆
  • 登录
  • 详细信息显示
  • 放入我的书架
  • 预约/预借图书
  • 作者相关作品
  • 分类相关作品
  • 丛书相关作品
  • 出版社相关作品

书目信息

  • 表格格式
  • 工作单格式
  • 卡片格式
题名:
衰落与复苏
    
 
作者: 赵昌汉 著
分册:  
出版信息: 武汉   华中师范大学出版社  2014.06
页数: 214页
开本: 24cm
丛书名: 华大博雅学术文库
单 册:
中图分类: G416
科图分类:
主题词: 学校教育--品德教育--研究--美国--现代
电子资源:
ISBN: 978-7-5622-6683-9
000 01004oam2 2200277 450
001 0120141312122
005 20160516171534.35
010    @a978-7-5622-6683-9@dCNY35.00
100    @a20150714d2014 em y0chiy50 ea
101 0  @achi
102    @aCN@b420000
105    @aak z 000yy
106    @ar
200 1  @a衰落与复苏@9shuai luo yu fu su@e二战后美国学校道德教育变迁研究@f赵昌汉著
210    @a武汉@c华中师范大学出版社@d2014.06
215    @a214页@c图@d24cm
225 2  @a华大博雅学术文库
330    @a本书全面探讨了二战后美国学校道德教育的兴衰变化背景、原因、相关的道德的教育理论与模式,也探讨了当前我国学校道德教育能够获得的有益启示。
333    @a教育工作者
461  0 @12001 @a华大博雅学术文库
517 1  @a二战后美国学校道德教育变迁研究@9er zhan hou mei guo xue xiao dao de jiao yu bian qian yan jiu
606 0  @a学校教育@x品德教育@x研究@y美国@z现代
690    @aG416@v5
701  0 @a赵昌汉@9zhao chang han@4著
801  0 @aCN@b人天书店@c20150714
905    @b877012-17@dG416@e49@f6
    
    衰落与复苏:二战后美国学校道德教育变迁研究/赵昌汉著.-武汉:华中师范大学出版社,2014.06
    214页:图;24cm.-(华大博雅学术文库)
    使用对象:教育工作者
    
    ISBN 978-7-5622-6683-9:CNY35.00
    本书全面探讨了二战后美国学校道德教育的兴衰变化背景、原因、相关的道德的教育理论与模式,也探讨了当前我国学校道德教育能够获得的有益启示。
●
相关链接 在E读中查询图书 在五车中查询图书 在当当中查询图书 在豆瓣中查询图书


正题名:衰落与复苏     索取号:G416/49         预约/预借

序号 登录号 条形码 馆藏地/架位号 状态 备注
1 877012   208770123   第一样本阅览室/ [索取号:G416/49] 在馆    
2 877013   208770132   教育系资料室/ [索取号:G416/49] 在馆    
3 877014   208770141   教育系资料室/ [索取号:G416/49] 在馆    
4 877015   208770150   教育系资料室/ [索取号:G416/49] 在馆    
5 877016   208770169   第四借阅区/ [索取号:G416/49] 在馆    
6 877017   208770178   第四借阅区/ [索取号:G416/49] 在馆    
唐山师范学院图书馆 欢迎您!
大连网信软件有限公司© 版权所有